000 01036nam a22002535i 4500
001 156483
003 ES-MaACL
005 20231112114217.0
008 150121s1995 sp |||| | spa d
020 _a84-920047-1-1
080 _a726.54(460.184 Benavente)
100 1 _aHidalgo Muñoz, Elena.
_9156151
245 1 3 _aLa iglesia de Santa María del Azogue de Benavente /
_cElena Hidalgo Muñoz.
260 _a[Benavente, Zamora] :
_bCentro de Estudios Benaventanos "Ledo del Pozo",
_c1995.
300 _a94 p. : il. col. y n. ;
_c26 cm.
490 1 _aCuadernos benaventanos ;
_v2
610 2 4 _aIglesia de Santa María del Azogue (Benavente)
_9156152
710 2 _aCentro de Estudios Benaventanos "Ledo del Pozo"
_9144530
830 0 _aCuadernos benaventanos ;
_v2
_9192018
852 _aES-MaACL
_jA-13325
_9162245
_bR.150322
_cDEPO1
_dOlim: N-6325
_hDonación: Centro de Estudios Benaventanos
914 _9144530
_aCentro de Estudios Benaventanos "Ledo del Pozo"
_ednr
942 _2udc
_cMONOGRAFIA
999 _c156483
_d156483